| 000 -LEADER |
| fixed length control field |
00592nam a2200205Ia 4500 |
| 020 ## - INTERNATIONAL STANDARD BOOK NUMBER |
| ISBN |
0697412806 |
| 040 ## - CATALOGING SOURCE |
| Transcribing agency |
NJP |
| 082 ## - DEWEY DECIMAL CLASSIFICATION NUMBER |
| Classification number |
370 DUS 1998 A012 Or. |
| 245 00 - TITLE STATEMENT |
| Title |
Annual editions : |
| Remainder of title |
Education 98/99 / |
| 246 30 - VARYING FORM OF TITLE |
| Title proper/short title |
Education 1998/99 |
| 260 ## - PUBLICATION, DISTRIBUTION, ETC. (IMPRINT) |
| Place of publication |
Guilford, Conn. : |
| Name of publisher |
Dushkin/McGraw-Hill, |
| Year of publication |
c1998. |
| 300 ## - PHYSICAL DESCRIPTION |
| Number of Pages |
x, 261 p. : |
| Other physical details |
ill. ; |
| Dimensions |
28 cm. |
| 490 0# - SERIES STATEMENT |
| Series statement |
Annual editions series ; |
| 500 ## - GENERAL NOTE |
| General note |
Previous editions have title: Annual editions : readings in education. |
| 650 #0 - SUBJECT ADDED ENTRY--TOPICAL TERM |
| Topical Term |
Education |
| 650 #0 - SUBJECT ADDED ENTRY--TOPICAL TERM |
| Topical Term |
Education |
| 650 #0 - SUBJECT ADDED ENTRY--TOPICAL TERM |
| Topical Term |
Education. |
| 700 1# - ADDED ENTRY--PERSONAL NAME |
| Personal name |
Schultz, Fred. |
| 942 ## - ADDED ENTRY ELEMENTS (KOHA) |
| Koha item type |
សៀវភៅភាសាអង់គ្លេស |
| 952 ## - LOCATION AND ITEM INFORMATION (KOHA) |
| Withdrawn status [LOCAL, KOHA] |
0 |
| 952 ## - LOCATION AND ITEM INFORMATION (KOHA) |
| Withdrawn status [LOCAL, KOHA] |
0 |
| 952 ## - LOCATION AND ITEM INFORMATION (KOHA) |
| Withdrawn status [LOCAL, KOHA] |
0 |
| 952 ## - LOCATION AND ITEM INFORMATION (KOHA) |
| Withdrawn status [LOCAL, KOHA] |
0 |
| 952 ## - LOCATION AND ITEM INFORMATION (KOHA) |
| Withdrawn status [LOCAL, KOHA] |
0 |
| 952 ## - LOCATION AND ITEM INFORMATION (KOHA) |
| Withdrawn status [LOCAL, KOHA] |
0 |